[Event "ODJM A 2023"]
[Site "Willingen GER"]
[Date "2023.05.29"]
[Round "3"]
[White "Stork, Christopher"]
[Black "Rohm, Linus"]
[Result "1/2-1/2"]
[Termination "normal"]
[Board "8"]
[WhiteElo "2035"]
[BlackElo "1911"]
[WhiteClock "00:15:57"]
[BlackClock "00:21:32"]
[PlyCount "49"]
[WhiteFideId "16215400"]
[BlackFideId "16298217"]
[EventCountry "GER"]
[EventRounds "9"]
[EventType "swiss"]
[EventDate "2023.05.27"]

1. b3 {[%clk 01:30:40]} {[%emt 00:00:30]} Nf6 {[%clk 01:30:05]} {[%emt
00:01:05]} 2. Bb2 {[%clk 01:31:01]} {[%emt 00:00:05]} e6 {[%clk 01:30:04]}
{[%emt 00:00:19]} 3. Nf3 {[%clk 01:31:24]} {[%emt 00:00:03]} d5 {[%clk
01:29:51]} {[%emt 00:00:44]} 4. c4 {[%clk 01:27:56]} {[%emt 00:03:58]} Be7
{[%clk 01:26:42]} {[%emt 00:03:39]} 5. e3 {[%clk 01:24:55]} {[%emt 00:03:30]}
dxc4 {[%clk 01:23:42]} {[%emt 00:03:30]} 6. bxc4 {[%clk 01:20:52]} {[%emt
00:04:33]} b6 {[%clk 01:23:47]} {[%emt 00:00:26]} 7. Be2 {[%clk 01:12:00]}
{[%emt 00:09:22]} Bb7 {[%clk 01:21:30]} {[%emt 00:02:47]} 8. O-O {[%clk
01:10:10]} {[%emt 00:02:20]} Nbd7 {[%clk 01:20:32]} {[%emt 00:01:27]} 9. d4
{[%clk 01:05:14]} {[%emt 00:05:26]} O-O {[%clk 01:20:25]} {[%emt 00:00:37]} 10.
Nbd2 {[%clk 01:00:55]} {[%emt 00:04:49]} c5 {[%clk 01:19:51]} {[%emt 00:01:05]}
11. Qb3 {[%emt 00:06:10]} Qc7 {[%clk 01:17:53]} 12. Rfd1 {[%clk 00:53:31]}
{[%emt 00:04:41]} Rfd8 {[%clk 01:15:44]} {[%emt 00:02:39]} 13. Rac1 {[%clk
00:52:18]} {[%emt 00:01:42]} Rac8 {[%clk 01:15:03]} {[%emt 00:01:10]} 14. Qc2
{[%clk 00:40:43]} {[%emt 00:12:06]} Qb8 {[%clk 01:07:25]} {[%emt 00:08:07]} 15.
Qb1 {[%clk 00:39:41]} {[%emt 00:01:33]} Qa8 {[%clk 01:02:47]} {[%emt 00:05:07]}
16. Ne1 {[%clk 00:34:31]} {[%emt 00:05:41]} cxd4 {[%clk 00:57:44]} {[%emt
00:05:33]} 17. exd4 {[%clk 00:33:46]} {[%emt 00:01:15]} Nf8 {[%clk 00:57:29]}
{[%emt 00:00:46]} 18. Bf3 {[%clk 00:33:06]} {[%emt 00:01:10]} Ng6 {[%clk
00:56:55]} {[%emt 00:01:04]} 19. g3 {[%clk 00:30:44]} {[%emt 00:02:51]} Bb4
{[%clk 00:48:53]} {[%emt 00:08:31]} 20. Bxb7 {[%clk 00:28:39]} {[%emt
00:02:37]} Qxb7 {[%clk 00:47:52]} {[%emt 00:01:32]} 21. Ng2 {[%clk 00:27:53]}
{[%emt 00:01:15]} Bxd2 {[%clk 00:45:45]} {[%emt 00:02:37]} 22. Rxd2 {[%clk
00:28:20]} {[%emt 00:00:04]} Ne4 {[%clk 00:45:59]} {[%emt 00:00:16]} 23. Rd3
{[%clk 00:21:44]} {[%emt 00:07:06]} Ng5 {[%clk 00:45:08]} {[%emt 00:01:20]} 24.
Rcc3 {[%clk 00:17:42]} {[%emt 00:04:33]} Ne4 {[%clk 00:21:32]} {[%emt
00:24:05]} 25. Rc1 {[%clk 00:15:57]} {[%emt 00:02:15]} 1/2-1/2

[Event "ODJM A 2023"]
[Site "Willingen GER"]
[Date "2023.05.29"]
[Round "3"]
[White "Grunert, Friedrich"]
[Black "Hoffmann, Kay"]
[Result "1-0"]
[Termination "normal"]
[Board "9"]
[WhiteElo "1975"]
[BlackElo "1805"]
[WhiteClock "00:11:20"]
[BlackClock "00:05:41"]
[PlyCount "127"]
[WhiteFideId "12995592"]
[BlackFideId "16227000"]
[EventCountry "GER"]
[EventRounds "9"]
[EventType "swiss"]
[EventDate "2023.05.27"]

1. d4 {[%clk 01:30:57]} {[%emt 00:00:04]} Nf6 {[%clk 01:30:55]} {[%emt
00:00:09]} 2. c4 {[%clk 01:31:22]} {[%emt 00:00:06]} e6 {[%clk 01:31:22]}
{[%emt 00:00:07]} 3. Nc3 {[%clk 01:31:48]} {[%emt 00:00:06]} Bb4 {[%clk
01:31:47]} {[%emt 00:00:09]} 4. f3 {[%clk 01:32:12]} {[%emt 00:00:09]} d5
{[%clk 01:32:03]} {[%emt 00:00:17]} 5. a3 {[%clk 01:32:37]} {[%emt 00:00:07]}
Bxc3+ {[%clk 01:32:16]} {[%emt 00:00:13]} 6. bxc3 {[%clk 01:33:02]} {[%emt
00:00:03]} b6 {[%clk 01:31:38]} {[%emt 00:00:49]} 7. cxd5 {[%clk 01:33:26]}
{[%emt 00:00:07]} exd5 {[%clk 01:32:00]} {[%emt 00:00:09]} 8. e3 {[%clk
01:33:49]} {[%emt 00:00:05]} O-O {[%clk 01:32:10]} {[%emt 00:00:20]} 9. Bd3
{[%clk 01:34:15]} {[%emt 00:00:04]} Bb7 {[%clk 01:32:19]} {[%emt 00:00:22]} 10.
Ne2 {[%clk 01:34:36]} {[%emt 00:00:09]} Nbd7 {[%clk 01:30:23]} {[%emt
00:02:25]} 11. O-O {[%clk 01:33:39]} {[%emt 00:01:28]} Re8 {[%clk 01:16:14]}
{[%emt 00:14:40]} 12. Ng3 {[%clk 01:34:03]} {[%emt 00:00:05]} c5 {[%clk
01:13:15]} {[%emt 00:03:29]} 13. Ra2 {[%clk 01:34:29]} {[%emt 00:00:04]} a6
{[%clk 01:09:51]} {[%emt 00:03:54]} 14. Re2 {[%clk 01:34:25]} {[%emt 00:00:33]}
Nf8 {[%clk 01:09:14]} {[%emt 00:01:08]} 15. Kh1 {[%clk 01:32:35]} {[%emt
00:02:21]} h5 {[%clk 01:05:05]} {[%emt 00:04:39]} 16. Qe1 {[%clk 01:28:46]}
{[%emt 00:04:18]} g6 {[%clk 01:01:53]} {[%emt 00:03:43]} 17. Ref2 {[%clk
01:25:51]} {[%emt 00:03:23]} Ne6 {[%clk 00:58:28]} {[%emt 00:03:56]} 18. Qd1
{[%clk 01:22:14]} {[%emt 00:04:07]} Kg7 {[%clk 00:52:07]} {[%emt 00:06:51]} 19.
Bb1 {[%clk 01:16:52]} {[%emt 00:05:52]} h4 {[%clk 00:41:18]} {[%emt 00:11:19]}
20. Ne2 {[%clk 01:17:14]} {[%emt 00:00:08]} Nh5 {[%clk 00:40:17]} {[%emt
00:01:31]} 21. e4 {[%clk 01:10:29]} {[%emt 00:07:14]} Ng3+ {[%clk 00:23:33]}
{[%emt 00:17:14]} 22. Nxg3 {[%clk 01:08:38]} {[%emt 00:02:21]} hxg3 {[%clk
00:23:58]} {[%emt 00:00:06]} 23. hxg3 {[%clk 01:09:07]} {[%emt 00:00:02]} Rh8+
{[%clk 00:23:39]} {[%emt 00:00:48]} 24. Kg1 {[%clk 01:09:31]} {[%emt 00:00:05]}
Rh7 {[%clk 00:20:32]} {[%emt 00:03:38]} 25. exd5 {[%clk 01:00:21]} {[%emt
00:09:41]} Qxd5 {[%clk 00:17:45]} {[%emt 00:03:16]} 26. Re2 {[%clk 00:47:19]}
{[%emt 00:13:31]} Qh5 {[%clk 00:15:02]} {[%emt 00:03:14]} 27. Kf2 {[%clk
00:45:04]} {[%emt 00:02:45]} Qh2 {[%clk 00:14:38]} {[%emt 00:00:55]} 28. Rxe6
{[%clk 00:44:00]} {[%emt 00:01:34]} fxe6 {[%clk 00:14:21]} {[%emt 00:00:46]}
29. Qd3 {[%clk 00:42:05]} {[%emt 00:02:25]} Qh5 {[%clk 00:13:49]} {[%emt
00:01:02]} 30. dxc5 {[%clk 00:32:56]} {[%emt 00:09:40]} Qxc5+ {[%clk 00:10:17]}
{[%emt 00:04:01]} 31. Be3 {[%clk 00:33:15]} {[%emt 00:00:10]} Qf5 {[%clk
00:10:14]} {[%emt 00:00:34]} 32. Bd4+ {[%clk 00:26:06]} {[%emt 00:07:38]} Kg8
{[%clk 00:10:04]} {[%emt 00:00:40]} 33. Qe3 {[%clk 00:26:06]} {[%emt 00:00:30]}
Qf7 {[%clk 00:09:29]} {[%emt 00:01:01]} 34. Qg5 {[%clk 00:23:08]} {[%emt
00:03:32]} Rh2 {[%clk 00:05:32]} {[%emt 00:04:27]} 35. Kg1 {[%clk 00:21:45]}
{[%emt 00:01:53]} Rh5 {[%clk 00:05:19]} {[%emt 00:00:43]} 36. Qg4 {[%clk
00:20:56]} {[%emt 00:01:19]} Rf5 {[%clk 00:05:03]} {[%emt 00:00:45]} 37. Bxf5
{[%clk 00:20:39]} {[%emt 00:00:47]} exf5 {[%clk 00:05:27]} {[%emt 00:00:07]}
38. Qh4 {[%clk 00:20:39]} {[%emt 00:00:27]} Qh7 {[%clk 00:05:16]} {[%emt
00:00:43]} 39. Bxb6 {[%clk 00:18:47]} {[%emt 00:02:21]} Qxh4 {[%clk 00:04:03]}
{[%emt 00:01:44]} 40. gxh4 {[%clk 00:19:13]} {[%emt 00:00:05]} Re8 {[%clk
00:04:18]} {[%emt 00:00:14]} 41. Rd1 {[%clk 00:17:26]} {[%emt 00:02:17]} Re6
{[%clk 00:03:52]} {[%emt 00:00:56]} 42. Rd8+ {[%clk 00:15:59]} {[%emt
00:01:57]} Kf7 {[%clk 00:04:06]} {[%emt 00:00:16]} 43. Rd7+ {[%clk 00:16:25]}
{[%emt 00:00:04]} Re7 {[%clk 00:04:32]} {[%emt 00:00:03]} 44. Rxe7+ {[%clk
00:16:45]} {[%emt 00:00:11]} Kxe7 {[%clk 00:04:58]} {[%emt 00:00:04]} 45. Kf2
{[%clk 00:16:59]} {[%emt 00:00:15]} Kd6 {[%clk 00:04:56]} {[%emt 00:00:33]} 46.
Ke3 {[%clk 00:17:05]} {[%emt 00:00:24]} Kc6 {[%clk 00:04:01]} {[%emt 00:01:24]}
47. Bd8 {[%clk 00:15:45]} {[%emt 00:01:49]} Kc5 {[%clk 00:03:34]} {[%emt
00:00:59]} 48. Kd3 {[%clk 00:15:49]} {[%emt 00:00:26]} Bd5 {[%clk 00:03:52]}
{[%emt 00:00:11]} 49. Be7+ {[%clk 00:14:03]} {[%emt 00:02:17]} Kb5 {[%clk
00:02:45]} {[%emt 00:01:37]} 50. Kd4 {[%clk 00:14:05]} {[%emt 00:00:28]} Bc6
{[%clk 00:03:04]} {[%emt 00:00:11]} 51. c4+ {[%clk 00:13:47]} {[%emt 00:00:48]}
Kb6 {[%clk 00:03:13]} {[%emt 00:00:22]} 52. Bd8+ {[%clk 00:13:42]} {[%emt
00:00:34]} Kb7 {[%clk 00:03:30]} {[%emt 00:00:13]} 53. c5 {[%clk 00:13:42]}
{[%emt 00:00:30]} Kc8 {[%clk 00:03:53]} {[%emt 00:00:08]} 54. Bb6 {[%clk
00:13:43]} {[%emt 00:00:27]} Kd7 {[%clk 00:04:18]} {[%emt 00:00:06]} 55. Ke5
{[%clk 00:13:44]} {[%emt 00:00:30]} Ke7 {[%clk 00:04:26]} {[%emt 00:00:22]} 56.
h5 {[%clk 00:13:00]} {[%emt 00:01:14]} gxh5 {[%clk 00:04:38]} {[%emt 00:00:17]}
57. Kxf5 {[%clk 00:13:27]} {[%emt 00:00:03]} Be8 {[%clk 00:04:54]} {[%emt
00:00:14]} 58. g3 {[%clk 00:13:27]} {[%emt 00:00:31]} Bc6 {[%clk 00:04:59]}
{[%emt 00:00:25]} 59. f4 {[%clk 00:13:51]} {[%emt 00:00:06]} Bf3 {[%clk
00:05:24]} {[%emt 00:00:06]} 60. Ke5 {[%clk 00:13:49]} {[%emt 00:00:31]} Bc6
{[%clk 00:05:03]} {[%emt 00:00:50]} 61. f5 {[%clk 00:13:38]} {[%emt 00:00:42]}
Bb7 {[%clk 00:05:04]} {[%emt 00:00:28]} 62. f6+ {[%clk 00:11:33]} {[%emt
00:02:36]} Kf7 {[%clk 00:05:30]} {[%emt 00:00:04]} 63. Ba5 {[%clk 00:10:59]}
{[%emt 00:01:05]} Bf3 {[%clk 00:05:41]} {[%emt 00:00:19]} 64. Bc3 {[%clk
00:11:20]} {[%emt 00:00:08]} 1-0

[Event "ODJM A 2023"]
[Site "Willingen GER"]
[Date "2023.05.29"]
[Round "3"]
[White "Longo, Massimo"]
[Black "Köhler, Lukas"]
[Result "1/2-1/2"]
[Termination "normal"]
[Board "10"]
[WhiteElo "1890"]
[BlackElo "2078"]
[WhiteClock "00:07:16"]
[BlackClock "00:04:11"]
[PlyCount "72"]
[WhiteFideId "16205227"]
[BlackFideId "16221990"]
[EventCountry "GER"]
[EventRounds "9"]
[EventType "swiss"]
[EventDate "2023.05.27"]

1. d4 {[%clk 01:30:55]} {[%emt 00:00:05]} Nf6 {[%clk 01:30:36]} {[%emt
00:00:41]} 2. Nf3 {[%clk 01:31:17]} {[%emt 00:00:10]} g6 {[%clk 01:30:43]}
{[%emt 00:00:26]} 3. Bg5 {[%clk 01:31:38]} {[%emt 00:00:05]} Bg7 {[%clk
01:30:49]} {[%emt 00:00:19]} 4. Nbd2 {[%clk 01:30:57]} {[%emt 00:00:57]} d5
{[%clk 01:29:00]} {[%emt 00:02:19]} 5. e3 {[%clk 01:30:38]} {[%emt 00:00:48]}
O-O {[%clk 01:28:42]} {[%emt 00:00:48]} 6. Bd3 {[%clk 01:30:51]} {[%emt
00:00:17]} Nbd7 {[%clk 01:24:56]} {[%emt 00:04:16]} 7. O-O {[%clk 01:30:21]}
{[%emt 00:01:00]} c5 {[%clk 01:21:59]} {[%emt 00:03:28]} 8. c3 {[%clk
01:26:22]} {[%emt 00:04:29]} b6 {[%clk 01:20:39]} {[%emt 00:01:49]} 9. Qe2
{[%clk 01:24:13]} {[%emt 00:02:39]} Bb7 {[%clk 01:18:28]} {[%emt 00:02:41]} 10.
e4 {[%clk 01:01:11]} {[%emt 00:23:32]} dxe4 {[%clk 01:15:25]} {[%emt 00:03:33]}
11. Nxe4 {[%clk 00:59:04]} {[%emt 00:02:37]} Qc7 {[%clk 01:09:51]} {[%emt
00:06:03]} 12. dxc5 {[%clk 00:52:40]} {[%emt 00:06:55]} Nxc5 {[%clk 01:09:24]}
{[%emt 00:00:56]} 13. Bxf6 {[%clk 00:48:59]} {[%emt 00:04:13]} exf6 {[%clk
01:07:03]} {[%emt 00:02:51]} 14. Nxc5 {[%clk 00:45:55]} {[%emt 00:03:34]} Qxc5
{[%clk 01:05:55]} {[%emt 00:01:38]} 15. Nd4 {[%clk 00:37:42]} {[%emt 00:08:43]}
f5 {[%clk 01:03:26]} {[%emt 00:02:59]} 16. Nb3 {[%clk 00:37:09]} {[%emt
00:01:03]} Qd5 {[%clk 00:59:10]} {[%emt 00:04:45]} 17. f3 {[%clk 00:37:05]}
{[%emt 00:00:34]} Rfe8 {[%clk 00:58:49]} {[%emt 00:00:51]} 18. Qc2 {[%clk
00:36:49]} {[%emt 00:00:46]} a5 {[%clk 00:51:08]} {[%emt 00:08:11]} 19. Rad1
{[%clk 00:25:13]} {[%emt 00:12:07]} a4 {[%clk 00:47:55]} {[%emt 00:03:43]} 20.
Nc1 {[%clk 00:24:20]} {[%emt 00:01:22]} Qc5+ {[%clk 00:46:00]} {[%emt
00:02:25]} 21. Qf2 {[%clk 00:23:53]} {[%emt 00:00:57]} Qxf2+ {[%clk 00:44:54]}
{[%emt 00:01:37]} 22. Rxf2 {[%clk 00:22:22]} {[%emt 00:02:01]} a3 {[%clk
00:44:47]} {[%emt 00:00:36]} 23. bxa3 {[%clk 00:19:06]} {[%emt 00:03:46]} Bxc3
{[%clk 00:41:45]} {[%emt 00:03:33]} 24. Bb5 {[%clk 00:19:28]} {[%emt 00:00:07]}
Red8 {[%clk 00:35:21]} {[%emt 00:06:53]} 25. Rxd8+ {[%clk 00:19:02]} {[%emt
00:00:58]} Rxd8 {[%clk 00:35:48]} {[%emt 00:00:03]} 26. Nb3 {[%clk 00:18:30]}
{[%emt 00:01:01]} Be5 {[%clk 00:26:41]} {[%emt 00:09:36]} 27. Rd2 {[%clk
00:15:12]} {[%emt 00:03:49]} Rc8 {[%clk 00:25:34]} {[%emt 00:01:36]} 28. Rd7
{[%clk 00:12:31]} {[%emt 00:03:12]} Rc7 {[%clk 00:22:20]} {[%emt 00:03:44]} 29.
Rxc7 {[%clk 00:11:51]} {[%emt 00:01:10]} Bxc7 {[%clk 00:22:42]} {[%emt
00:00:08]} 30. h3 {[%clk 00:11:35]} {[%emt 00:00:46]} Kg7 {[%clk 00:18:47]}
{[%emt 00:04:25]} 31. Kf2 {[%clk 00:11:59]} {[%emt 00:00:06]} f4 {[%clk
00:18:20]} {[%emt 00:00:58]} 32. a4 {[%clk 00:10:56]} {[%emt 00:01:33]} Kf6
{[%clk 00:15:41]} {[%emt 00:03:09]} 33. Ke2 {[%clk 00:09:18]} {[%emt 00:02:08]}
Ke5 {[%clk 00:15:06]} {[%emt 00:01:06]} 34. Kd3 {[%clk 00:09:31]} {[%emt
00:00:17]} f5 {[%clk 00:14:35]} {[%emt 00:01:00]} 35. Nd4 {[%clk 00:07:16]}
{[%emt 00:02:45]} Bd6 {[%clk 00:04:11]} {[%emt 00:10:54]} 36. Ke4+ {[%emt
00:00:23]} h5+ {[%emt 00:00:15]} 1/2-1/2

[Event "ODJM A 2023"]
[Site "Willingen GER"]
[Date "2023.05.29"]
[Round "3"]
[White "Lohr, Maximilian"]
[Black "Gold, Jan Christian"]
[Result "1/2-1/2"]
[Termination "normal"]
[Board "11"]
[WhiteElo "2106"]
[BlackElo "1754"]
[WhiteClock "00:09:59"]
[BlackClock "00:01:12"]
[PlyCount "80"]
[WhiteFideId "12999717"]
[BlackFideId "16298128"]
[EventCountry "GER"]
[EventRounds "9"]
[EventType "swiss"]
[EventDate "2023.05.27"]

1. d4 {[%clk 01:30:51]} {[%emt 00:00:12]} d5 {[%clk 01:30:51]} {[%emt
00:00:17]} 2. Nc3 {[%clk 01:31:14]} {[%emt 00:00:13]} Nf6 {[%clk 01:30:39]}
{[%emt 00:00:44]} 3. Bf4 {[%clk 01:31:37]} {[%emt 00:00:07]} c5 {[%clk
01:30:39]} {[%emt 00:00:20]} 4. e3 {[%clk 01:31:25]} {[%emt 00:00:33]} cxd4
{[%clk 01:31:00]} {[%emt 00:00:09]} 5. exd4 {[%clk 01:31:51]} {[%emt 00:00:04]}
a6 {[%clk 01:31:00]} {[%emt 00:00:30]} 6. Nf3 {[%clk 01:32:02]} {[%emt
00:00:17]} Nc6 {[%clk 01:31:19]} {[%emt 00:00:12]} 7. Ne5 {[%clk 01:32:23]}
{[%emt 00:00:08]} Bd7 {[%clk 01:30:12]} {[%emt 00:01:38]} 8. g4 {[%clk
01:32:30]} {[%emt 00:00:23]} h6 {[%clk 01:29:58]} {[%emt 00:00:44]} 9. Bg2
{[%clk 01:26:36]} {[%emt 00:06:26]} e6 {[%clk 01:29:08]} {[%emt 00:01:18]} 10.
O-O {[%clk 01:26:06]} {[%emt 00:01:00]} Rc8 {[%clk 01:26:58]} {[%emt 00:02:40]}
11. Nxc6 {[%clk 01:07:44]} {[%emt 00:18:53]} Bxc6 {[%clk 01:25:07]} {[%emt
00:02:20]} 12. h3 {[%clk 01:05:33]} {[%emt 00:02:40]} Bb4 {[%clk 01:21:34]}
{[%emt 00:04:04]} 13. Ne2 {[%clk 01:05:08]} {[%emt 00:00:55]} Ne4 {[%clk
01:16:10]} {[%emt 00:05:55]} 14. c3 {[%clk 00:55:43]} {[%emt 00:09:55]} Ba5
{[%clk 00:55:35]} {[%emt 00:21:04]} 15. Ng3 {[%clk 00:46:24]} {[%emt 00:09:48]}
Qh4 {[%clk 00:50:38]} {[%emt 00:05:28]} 16. Nxe4 dxe4 {[%clk 00:51:07]} 17. Re1
{[%clk 00:39:14]} {[%emt 00:02:31]} Bc7 {[%clk 00:41:58]} {[%emt 00:09:39]} 18.
Bxc7 {[%clk 00:32:12]} {[%emt 00:07:31]} Rxc7 {[%clk 00:42:27]} {[%emt
00:00:02]} 19. Qd2 {[%clk 00:29:44]} {[%emt 00:02:58]} O-O {[%clk 00:37:06]}
{[%emt 00:05:50]} 20. Qf4 {[%clk 00:27:25]} {[%emt 00:02:48]} Rd7 {[%clk
00:34:50]} {[%emt 00:02:47]} 21. Bxe4 {[%clk 00:27:12]} {[%emt 00:00:43]} Bxe4
{[%clk 00:28:21]} {[%emt 00:07:01]} 22. Qxe4 {[%clk 00:27:35]} {[%emt
00:00:05]} Qxh3 {[%clk 00:28:43]} {[%emt 00:00:08]} 23. Re3 {[%clk 00:27:42]}
{[%emt 00:00:23]} Qh4 {[%clk 00:29:04]} {[%emt 00:00:09]} 24. Kg2 {[%clk
00:27:30]} {[%emt 00:00:41]} Qg5 {[%clk 00:25:07]} {[%emt 00:04:27]} 25. Rg3
{[%clk 00:25:10]} {[%emt 00:02:51]} Re8 {[%clk 00:22:44]} {[%emt 00:02:53]} 26.
Re1 {[%clk 00:24:07]} {[%emt 00:01:32]} Qb5 {[%clk 00:21:00]} {[%emt 00:02:14]}
27. b3 {[%clk 00:22:16]} {[%emt 00:02:22]} Qd5 {[%clk 00:15:25]} {[%emt
00:06:05]} 28. Rd3 {[%clk 00:19:28]} {[%emt 00:03:18]} Rc8 {[%clk 00:13:34]}
{[%emt 00:02:21]} 29. c4 {[%clk 00:18:15]} {[%emt 00:01:41]} Qxe4+ {[%clk
00:13:15]} {[%emt 00:00:51]} 30. Rxe4 {[%clk 00:18:39]} {[%emt 00:00:05]} Rcd8
{[%clk 00:13:39]} {[%emt 00:00:07]} 31. Kf3 {[%clk 00:17:38]} {[%emt 00:01:31]}
b6 {[%clk 00:11:05]} {[%emt 00:03:04]} 32. Ke3 {[%clk 00:17:48]} {[%emt
00:00:20]} Rd6 {[%clk 00:10:41]} {[%emt 00:00:54]} 33. a4 {[%clk 00:17:04]}
{[%emt 00:01:15]} a5 {[%clk 00:10:43]} {[%emt 00:00:27]} 34. Re5 {[%clk
00:16:20]} {[%emt 00:01:13]} f6 {[%clk 00:04:05]} {[%emt 00:07:08]} 35. Rh5
{[%clk 00:15:13]} {[%emt 00:01:37]} Kf7 {[%clk 00:04:21]} {[%emt 00:00:16]} 36.
f4 {[%clk 00:15:06]} {[%emt 00:00:36]} Kg6 {[%clk 00:02:24]} {[%emt 00:02:27]}
37. Rh1 {[%clk 00:14:17]} {[%emt 00:01:18]} R8d7 {[%clk 00:02:11]} {[%emt
00:00:43]} 38. Rhd1 {[%clk 00:12:45]} {[%emt 00:02:03]} Rd8 {[%clk 00:01:24]}
{[%emt 00:01:18]} 39. Rh1 {[%clk 00:09:54]} {[%emt 00:03:20]} R6d7 {[%clk
00:00:44]} {[%emt 00:01:11]} 40. Rhd1 {[%clk 00:09:59]} {[%emt 00:00:24]} Rd6
{[%clk 00:01:12]} {[%emt 00:00:02]} 1/2-1/2

[Event "ODJM A 2023"]
[Site "Willingen GER"]
[Date "2023.05.29"]
[Round "3"]
[White "Savchenko, Daniel"]
[Black "Korbel, Joshua"]
[Result "1/2-1/2"]
[Termination "normal"]
[Board "12"]
[WhiteElo "2104"]
[BlackElo "1682"]
[WhiteClock "00:24:39"]
[BlackClock "00:11:17"]
[PlyCount "99"]
[WhiteFideId "12919195"]
[BlackFideId "16273184"]
[EventCountry "GER"]
[EventRounds "9"]
[EventType "swiss"]
[EventDate "2023.05.27"]

1. e4 {[%clk 01:30:57]} {[%emt 00:00:05]} g6 {[%clk 01:30:57]} {[%emt
00:00:03]} 2. d4 {[%clk 01:24:55]} {[%emt 00:06:29]} Bg7 {[%clk 01:31:20]}
{[%emt 00:00:07]} 3. Nf3 {[%clk 01:22:10]} {[%emt 00:03:15]} d6 {[%clk
01:31:42]} {[%emt 00:00:09]} 4. h3 {[%clk 01:20:48]} {[%emt 00:01:51]} a6
{[%clk 01:28:51]} {[%emt 00:03:22]} 5. Bd3 {[%clk 01:20:24]} {[%emt 00:00:54]}
Nc6 {[%clk 01:27:19]} {[%emt 00:02:02]} 6. c3 {[%clk 01:20:18]} {[%emt
00:00:36]} e5 {[%clk 01:25:58]} {[%emt 00:01:51]} 7. dxe5 {[%clk 01:13:11]}
{[%emt 00:07:38]} Nxe5 {[%clk 01:25:50]} {[%emt 00:00:38]} 8. Nxe5 {[%clk
01:13:21]} {[%emt 00:00:19]} Bxe5 {[%clk 01:25:44]} {[%emt 00:00:35]} 9. O-O
{[%clk 01:12:16]} {[%emt 00:01:35]} Be6 {[%clk 01:07:19]} {[%emt 00:18:56]} 10.
f4 {[%clk 01:04:53]} {[%emt 00:07:52]} Bg7 {[%clk 01:06:51]} {[%emt 00:00:58]}
11. Qf3 {[%clk 00:56:38]} {[%emt 00:08:45]} Qe7 {[%clk 00:49:25]} {[%emt
00:17:57]} 12. Be3 {[%clk 00:46:42]} {[%emt 00:10:26]} O-O-O {[%clk 00:43:45]}
{[%emt 00:06:11]} 13. Nd2 {[%clk 00:40:03]} {[%emt 00:07:08]} Nf6 {[%clk
00:36:21]} {[%emt 00:07:53]} 14. Bd4 {[%clk 00:32:56]} {[%emt 00:07:37]} d5
{[%clk 00:26:17]} {[%emt 00:10:35]} 15. e5 {[%clk 00:32:58]} {[%emt 00:00:29]}
Nd7 {[%clk 00:26:05]} {[%emt 00:00:41]} 16. b4 {[%clk 00:32:05]} {[%emt
00:01:23]} f6 {[%clk 00:23:33]} {[%emt 00:03:02]} 17. exf6 {[%clk 00:30:43]}
{[%emt 00:01:51]} Bxf6 {[%clk 00:23:26]} {[%emt 00:00:38]} 18. Nb3 {[%clk
00:30:01]} {[%emt 00:01:12]} Rhf8 {[%clk 00:19:52]} {[%emt 00:04:04]} 19. Rae1
{[%clk 00:28:30]} {[%emt 00:02:00]} Qd6 {[%clk 00:18:19]} {[%emt 00:02:05]} 20.
Nc5 {[%clk 00:12:42]} {[%emt 00:16:17]} Bxd4+ {[%clk 00:14:36]} {[%emt
00:04:14]} 21. cxd4 {[%clk 00:13:04]} {[%emt 00:00:06]} Nxc5 {[%clk 00:14:45]}
{[%emt 00:00:20]} 22. dxc5 {[%clk 00:11:56]} {[%emt 00:01:38]} Qc6 {[%clk
00:13:30]} {[%emt 00:01:45]} 23. Re5 {[%clk 00:10:09]} {[%emt 00:02:17]} Bf5
{[%clk 00:11:11]} {[%emt 00:02:49]} 24. Bxf5+ {[%clk 00:09:33]} {[%emt
00:01:05]} Rxf5 {[%clk 00:11:31]} {[%emt 00:00:11]} 25. Re7 {[%clk 00:06:12]}
{[%emt 00:03:50]} h5 {[%clk 00:08:28]} {[%emt 00:03:34]} 26. a3 {[%clk
00:02:41]} {[%emt 00:04:01]} Qf6 {[%clk 00:06:20]} {[%emt 00:02:37]} 27. Qe3
{[%clk 00:02:21]} {[%emt 00:00:50]} g5 {[%clk 00:05:29]} {[%emt 00:01:22]} 28.
Re6 {[%clk 00:02:32]} {[%emt 00:00:18]} Qf8 {[%clk 00:04:22]} {[%emt 00:01:38]}
29. c6 {[%clk 00:02:54]} {[%emt 00:00:08]} Rxf4 {[%clk 00:03:28]} {[%emt
00:01:23]} 30. Rxf4 {[%clk 00:02:26]} {[%emt 00:00:58]} Qxf4 {[%clk 00:03:44]}
{[%emt 00:00:13]} 31. cxb7+ {[%clk 00:02:09]} {[%emt 00:00:48]} Kxb7 {[%clk
00:03:51]} {[%emt 00:00:23]} 32. Qc5 {[%clk 00:01:49]} {[%emt 00:00:50]} Qc4
{[%clk 00:01:29]} {[%emt 00:02:51]} 33. Qe7 {[%clk 00:01:28]} {[%emt 00:00:51]}
Rg8 {[%clk 00:00:44]} {[%emt 00:01:16]} 34. Re1 {[%clk 00:01:19]} {[%emt
00:00:40]} g4 {[%clk 00:00:57]} {[%emt 00:00:18]} 35. Qf7 {[%clk 00:00:50]}
{[%emt 00:00:58]} Qd4+ {[%clk 00:01:09]} {[%emt 00:00:17]} 36. Qf2 {[%clk
00:00:46]} {[%emt 00:00:34]} Qxf2+ {[%clk 00:01:02]} {[%emt 00:00:36]} 37. Kxf2
{[%clk 00:01:10]} {[%emt 00:00:06]} gxh3 {[%clk 00:01:19]} {[%emt 00:00:12]}
38. gxh3 {[%clk 00:01:35]} {[%emt 00:00:05]} Rg5 {[%clk 00:01:23]} {[%emt
00:00:27]} 39. Re6 {[%clk 00:01:20]} {[%emt 00:00:46]} c6 {[%clk 00:01:40]}
{[%emt 00:00:12]} 40. Re8 {[%clk 00:01:34]} {[%emt 00:00:16]} Kb6 {[%clk
00:01:07]} {[%emt 00:01:04]} 41. Rb8+ {[%clk 00:26:03]} {[%emt 00:06:02]} Kc7
{[%clk 00:30:49]} {[%emt 00:00:48]} 42. Rf8 {[%clk 00:26:11]} {[%emt 00:00:20]}
Re5 {[%clk 00:28:48]} {[%emt 00:02:31]} 43. Ra8 {[%clk 00:25:15]} {[%emt
00:01:27]} Kb7 {[%clk 00:27:29]} {[%emt 00:01:50]} 44. Rd8 {[%clk 00:25:36]}
{[%emt 00:00:08]} Re4 {[%clk 00:25:15]} {[%emt 00:02:45]} 45. Rh8 {[%clk
00:23:20]} {[%emt 00:02:46]} h4 {[%clk 00:23:12]} {[%emt 00:02:33]} 46. Kf3
{[%clk 00:23:42]} {[%emt 00:00:07]} Rc4 {[%clk 00:16:28]} {[%emt 00:07:13]} 47.
Ke2 {[%clk 00:23:44]} {[%emt 00:00:27]} Kb6 {[%clk 00:15:02]} {[%emt 00:01:57]}
48. Rb8+ {[%clk 00:23:58]} {[%emt 00:00:16]} Kc7 {[%clk 00:15:26]} {[%emt
00:00:06]} 49. Rh8 {[%clk 00:24:17]} {[%emt 00:00:12]} Kb6 {[%clk 00:11:17]}
{[%emt 00:04:39]} 50. Rb8+ {[%clk 00:24:39]} {[%emt 00:00:08]} 1/2-1/2